Property management (Record no. 103779)

MARC details
000 -LEADER
fixed length control field 01489cam a2200361 4500
008 - FIXED-LENGTH DATA ELEMENTS--GENERAL INFORMATION
fixed length control field 040915n2004 000 0 eng u
020 ## - INTERNATIONAL STANDARD BOOK NUMBER
International Standard Book Number 0754636283
035 ## - SYSTEM CONTROL NUMBER
System control number (Sirsi) u127414
041 ## - LANGUAGE CODE
Language code of text/sound track or separate title eng
050 ## - LIBRARY OF CONGRESS CALL NUMBER
Classification number 333.33068
-- 22
050 ## - LIBRARY OF CONGRESS CALL NUMBER
Classification number 658.2
-- 18
100 ## - MAIN ENTRY--PERSONAL NAME
Personal name Deakin, Mark
245 ## - TITLE STATEMENT
Title Property management
Remainder of title corporate strategies, financial instruments and the urban environment
260 ## - PUBLICATION, DISTRIBUTION, ETC.
Place of publication, distribution, etc. Aldershot
Name of publisher, distributor, etc. Ashgate
Date of publication, distribution, etc. 2004
300 ## - PHYSICAL DESCRIPTION
Extent 152p.
Dimensions 24cm.
350 ## - PRICE (NR) (BK AM CF MU VM SE) [OBSOLETE]
Price 39.95
505 ## - FORMATTED CONTENTS NOTE
Formatted contents note Property management
505 ## - FORMATTED CONTENTS NOTE
Formatted contents note Corporate strategies
505 ## - FORMATTED CONTENTS NOTE
Formatted contents note Financial instruments
505 ## - FORMATTED CONTENTS NOTE
Formatted contents note Computer-based information system, property management and the appraisal of land and buildings in the urban environment
505 ## - FORMATTED CONTENTS NOTE
Formatted contents note Sustainable urban development: the framework and directory of assessment methods
505 ## - FORMATTED CONTENTS NOTE
Formatted contents note Valuation, investment appraisal, discounting, obsolescence and depreciation: their impact on the urban environment
505 ## - FORMATTED CONTENTS NOTE
Formatted contents note Evaluating the development of sustainable communities
520 ## - SUMMARY, ETC.
Summary, etc. Examines the development of property management in terms of the corporate strategies and financial instruments used to appraise the land and buildings in the urban environment. Bibliography.
650 ## - SUBJECT ADDED ENTRY--TOPICAL TERM
Topical term or geographic name entry element SUSTAINABLE DEVELOPMENT
650 ## - SUBJECT ADDED ENTRY--TOPICAL TERM
Topical term or geographic name entry element FINANCIAL INSTRUMENTS
650 ## - SUBJECT ADDED ENTRY--TOPICAL TERM
Topical term or geographic name entry element SUSTAINABLE COMMUNITIES
650 ## - SUBJECT ADDED ENTRY--TOPICAL TERM
Topical term or geographic name entry element URBAN ENVIRONMENT
650 ## - SUBJECT ADDED ENTRY--TOPICAL TERM
Topical term or geographic name entry element PROPERTY VALUATION
690 ## - LOCAL SUBJECT ADDED ENTRY--TOPICAL TERM (OCLC, RLIN)
Topical term or geographic name as entry element PROPERTY MANAGEMENT
9 (RLIN) 6262
942 ## - ADDED ENTRY ELEMENTS (KOHA)
Suppress in OPAC 0
Holdings
Withdrawn status Lost status Source of classification or shelving scheme Damaged status Not for loan Home library Current library Shelving location Date acquired Cost, normal purchase price Total Checkouts Full call number Barcode Date last seen Date last checked out Copy number Cost, replacement price Price effective from Koha item type
    Dewey Decimal Classification     London London Books 05/10/2004 33.96 24 333.33068 DEA 30069529 06/08/2019 10/11/2009 1 33.96 06/08/2019 Book